| 000 | 00460nam a2200157 i 4500 | ||
|---|---|---|---|
| 001 | 83892 | ||
| 003 | ES-MaACL | ||
| 005 | 20230906174918.0 | ||
| 007 | t| | ||
| 008 | 041118s1934 xxk ||||1| eng d | ||
| 245 | 0 | 0 |
_aItaly _b: a companion to italian studies / _cedited by Edmundb G. Gardner. |
| 260 |
_aLondon : _bMethnen and CÂș, _c1934. |
||
| 300 |
_aX, 274 p., 1 map. pleg. ; _c22 cm. |
||
| 700 | 1 |
_aGardner, Edmund G. _955507 |
|
| 852 |
_aES-MaACL _jA-2650 |
||
| 999 |
_c83892 _d83892 |
||